000 00449nam a2200169Ia 4500
003 LK-CoDNM
005 20240730121228.0
008 010623t1941 xxu||||| |||| 00| 1 eng d
040 _aLK-CoDNM
_dLK-CoDNM
_eLK-CoDNM
041 _aeng
080 _a8
_bHH6
100 _aClark,Grahame.
245 _aPrehistoric England
260 _bB.T.Batsford Ltd
_aLondon
_c1941
300 _bviii, 120p. : ill , ill , map ; 21 260: Second cm
942 _cBK
999 _c99802
_d99802